<?xml version="1.0" encoding="UTF-8"?><?xml-stylesheet type="text/xsl" href="static/style.xsl"?><OAI-PMH xmlns="http://www.openarchives.org/OAI/2.0/" xmlns:xsi="http://www.w3.org/2001/XMLSchema-instance" xsi:schemaLocation="http://www.openarchives.org/OAI/2.0/ http://www.openarchives.org/OAI/2.0/OAI-PMH.xsd"><responseDate>2026-04-14T03:06:13Z</responseDate><request verb="GetRecord" identifier="oai:www.recercat.cat:2072/229370" metadataPrefix="marc">https://recercat.cat/oai/request</request><GetRecord><record><header><identifier>oai:recercat.cat:2072/229370</identifier><datestamp>2024-12-13T10:32:18Z</datestamp><setSpec>com_2072_96861</setSpec><setSpec>com_2072_96858</setSpec><setSpec>com_2072_96852</setSpec><setSpec>com_2072_2015</setSpec><setSpec>col_2072_228892</setSpec></header><metadata><record xmlns="http://www.loc.gov/MARC21/slim" xmlns:dcterms="http://purl.org/dc/terms/" xmlns:xsi="http://www.w3.org/2001/XMLSchema-instance" xmlns:doc="http://www.lyncode.com/xoai" xsi:schemaLocation="http://www.loc.gov/MARC21/slim http://www.loc.gov/standards/marcxml/schema/MARC21slim.xsd">
   <leader>00925njm 22002777a 4500</leader>
   <datafield ind2=" " ind1=" " tag="042">
      <subfield code="a">dc</subfield>
   </datafield>
   <datafield ind2=" " ind1=" " tag="720">
      <subfield code="a">Fernández Ardèvol, Mireia</subfield>
      <subfield code="e">author</subfield>
   </datafield>
   <datafield ind2=" " ind1=" " tag="720">
      <subfield code="a">Lladós Masllorens, Josep</subfield>
      <subfield code="e">author</subfield>
   </datafield>
   <datafield ind2=" " ind1=" " tag="520">
      <subfield code="a">We study the determining factors of cience-based cooperation in the case of small and micro firms. In this research, we propose an analytical framework based on the resource-based view of the firm and we identify a set of organisational characteristics, which we classify as internal, external and structural factors. Each factor can be linked to at least one reason, from the firm¿s point of view, to cooperate with universities and public research centres. Each reason can, in turn, be used as an indicator of a firm¿s organisational needs or organisational capacities. In order to validate the theoretical model, we estimate a logistic regression that models the propensity to participate in science-based cooperation activities within a sample of 285 small and micro firms located in Barcelona. The results show the key role played by the absorptive capacity of new and small companies.</subfield>
   </datafield>
   <datafield ind2=" " ind1=" " tag="520">
      <subfield code="a">Se estudian los factores determinantes de la ciencia basada en la cooperación en el caso de las pequeñas empresas y microempresas. En esta investigación, se propone un análisis marco basado en el punto de vista de los recursos de la empresa y que identifica un conjunto de características de la organización, que podemos clasificar como factores internos, externos y estructurales. Cada factor puede estar relacionado por lo menos con una razón, desde el punto de vista de la empresa, para cooperar con las universidades y centros públicos de investigación. Cada una de ellas, a su vez, se utilizará como un indicador de las necesidades organizativas de la empresa o su capacidad de organización. Con el fin de validar el modelo teórico, se estima una regresión logística que muestra la propensión a participar en las actividades de cooperación basadas en la ciencia de una muestra de 285 empresas pequeñas y microempresas ubicadas en Barcelona. Los resultados muestran el papel clave desempeñado por la capacidad de absorción de las empresas nuevas y pequeñas.</subfield>
   </datafield>
   <datafield ind2=" " ind1=" " tag="520">
      <subfield code="a">S'estudien els factors determinants de la ciència basada en la cooperació en el cas de les petites empreses i microempreses. Aquesta investigació es proposa una anàlisi marc basada en el punt de vista dels recursos de l'empresa i que identifica un conjunt de característiques de la organització, que podem classificar amb factors interns, externs i estructurals. Cada factor pot estar relacionat com a mínim amb una raó, des del punt de vista de l'empresa, per cooperar amb universitats i centres públics d'investigació. Cada una d'aquestes, al seu torn, s'utilitzarà com un indicador de les necessitats organitzatives de l'empresa o la seva capacitat d'organització. Amb l'objectiu de validar el model teòric, es preveu una regressió logística que mostra la tendència a participar en les activitats de cooperació basades en la ciència d'una mostra de 285 empreses petites i microempreses ubicades a Barcelona. Els resultats mostren el paper clau dut a terme per la capacitat d'absorció de les noves i petites empreses.</subfield>
   </datafield>
   <datafield ind1="8" ind2=" " tag="024">
      <subfield code="a">1581-6311</subfield>
   </datafield>
   <datafield ind1="8" ind2=" " tag="024">
      <subfield code="a">Fernández-Ardèvol, M.;Lladós, J..(2011). "Determinants of science-based cooperation: evidence in a sample of small and micro firms". Managing Global Transitions: International Research Journal. ISSN:1581-6311. 9.4. pág.(319-333).</subfield>
   </datafield>
   <datafield ind1="8" ind2=" " tag="024">
      <subfield code="a">http://hdl.handle.net/10609/10361</subfield>
   </datafield>
   <datafield tag="653" ind2=" " ind1=" ">
      <subfield code="a">science-based cooperation</subfield>
   </datafield>
   <datafield tag="653" ind2=" " ind1=" ">
      <subfield code="a">absorptive capacity</subfield>
   </datafield>
   <datafield tag="653" ind2=" " ind1=" ">
      <subfield code="a">small and micro firms</subfield>
   </datafield>
   <datafield tag="653" ind2=" " ind1=" ">
      <subfield code="a">determinants</subfield>
   </datafield>
   <datafield tag="653" ind2=" " ind1=" ">
      <subfield code="a">cooperació basada en la ciència</subfield>
   </datafield>
   <datafield tag="653" ind2=" " ind1=" ">
      <subfield code="a">determinants</subfield>
   </datafield>
   <datafield tag="653" ind2=" " ind1=" ">
      <subfield code="a">capacitat d'absorció</subfield>
   </datafield>
   <datafield tag="653" ind2=" " ind1=" ">
      <subfield code="a">petites i micro empreses</subfield>
   </datafield>
   <datafield tag="653" ind2=" " ind1=" ">
      <subfield code="a">cooperación basada en la ciencia</subfield>
   </datafield>
   <datafield tag="653" ind2=" " ind1=" ">
      <subfield code="a">determinantes</subfield>
   </datafield>
   <datafield tag="653" ind2=" " ind1=" ">
      <subfield code="a">capacidad de absorción</subfield>
   </datafield>
   <datafield tag="653" ind2=" " ind1=" ">
      <subfield code="a">pequeñas y micro empresas</subfield>
   </datafield>
   <datafield ind2="0" ind1="0" tag="245">
      <subfield code="a">Determinants of science-based cooperation: evidence in a sample of small and micro firms</subfield>
   </datafield>
</record></metadata></record></GetRecord></OAI-PMH>